00940nam a2200217 i 450000100060000000300090000600500170001500700030003200800410003510000260007624501820010226000330028430000940031765000410041165000390045270000320049170000280052385200320055199900170058395201220060095242ES-MaACL20230906181649.0t|050525s1961 sp ||||1| spa d1 aLuebke, Anton.97462314aLos misterios del mundo subterráneo / cAnton Luebke; versión española Francisco Payarols; con apéndice sobre la espeleología en España por Joaquina Comas de Candel. aBarcelona : bLabor, c1961. aXII, 368 p., lám. en neg. y col. I-XCV., 1 lám. en col., pleg. en col. I-X ; c22 cm.04aExploraciones subterráneas.912698 4aEspeleología-zEspaña.91527401 aPayarols, Francisco.9897150 aComas, Joaquina.939934 aES-MaACLjC-22971 bR.51736 c95242d95242 00104070aATENEOMbATENEOMcDEPO2d2008-01-17eSCl0oC-22971p1099454r2023-02-23 00:00:00w2023-02-23yMONOGRAFIA